La mora
Salvato in:
| Autore principale: | |
|---|---|
| Natura: | Libro |
| Lingua: | spagnolo |
| Pubblicazione: |
Madrid
De Derecho Reunidas
1978
|
| Serie: | Monografías
|
| Soggetti: | |
| Tags: |
Aggiungi Tag
Nessun Tag, puoi essere il primo ad aggiungerne!!
|
MARC
| LEADER | 00000nam a2200000 a 4500 | ||
|---|---|---|---|
| 001 | UCS1397 | ||
| 003 | CL-VaPUC | ||
| 008 | 970509e19780000SP |||||||||||||||||spa|d | ||
| 082 | 0 | 4 | |a 346.077 |b CAN |2 21 |
| 100 | 0 | |a Cano Martínez, José Ignacio |e author |9 385808 | |
| 245 | 1 | 3 | |a La mora |
| 300 | |a 121 p | ||
| 942 | |c BK | ||
| 945 | |d 19970509 00:00:00 |a paguirre | ||
| 260 | |a Madrid |b De Derecho Reunidas |c 1978 | ||
| 650 | 0 | |a Derecho civil |9 255013 | |
| 650 | 7 | |a MORA |2 CL-VaPUC |9 259692 | |
| 650 | 0 | |a Deudor y acreedor |9 256643 | |
| 650 | 7 | |a RESPONSABILIDAD CIVIL |2 CL-VaPUC |9 385809 | |
| 650 | 7 | |a DAÑO CIVIL |2 CL-VaPUC |9 385810 | |
| 583 | |a last modification |c 19970509 00:00:00 |k Rodrigo Vera | ||
| 490 | 0 | |a Monografías | |
| 999 | |c 259490 |d 259488 | ||
| 952 | |0 0 |1 0 |4 0 |6 346_077000000000000_CAN_1978 |7 0 |8 A |9 284241 |a BIBDER |b BIBDER |d 2019-11-19 |i 1848143 |l 2 |m 2 |o 346.077 CAN 1978 |p 1848143 |q 2025-12-31 |r 2021-10-16 |s 2021-10-16 |w 2019-11-19 |y BK |k DER | ||